000 00701nam a22001937a 4500
003 OSt
005 20240527101659.0
008 240523b ||||| |||| 00| 0 eng d
040 _cAIMIT LIBRARY
100 _aANM, Mehdiya.
_e2016079
_9167196
245 _aStudy on employee satisfaction of salman build with trust, Kasaragod /
_cBy Mehdiya ANM ; Guided by K Dhananjay.
650 _aLiterature review
_9167837
650 _aProblem identification
_9167838
650 _aResearch methodology
_9167839
650 _aData analysis and interpretation
_9167840
700 _aDhananjay, K.
_eGuide
_9167197
856 _ywww.salmangroup.in
_3Salman build with trust
_uwww.salmangroup.in
942 _2ddc
_cPRO
999 _c230911
_d230911